[Event "Enschede op-D U14"]
[Site "Enschede"]
[Date "2009.08.03"]
[Round "7"]
[White "Eilers, Luuk"]
[Black "Neefs, Dion"]
[Result "0-1"]
[WhiteElo "1285"]
[BlackElo "700"]
[PlyCount "118"]
[EventDate "2009.08.03"]
[EventType "swiss"]
[EventRounds "9"]
[EventCountry "NED"]
[SourceTitle "CBM 132 Extra"]
[Source "ChessBase"]
[SourceDate "2009.11.03"]
[SourceVersion "1"]
[SourceVersionDate "2009.11.03"]
[SourceQuality "1"]

1. d4 d5 2. c4 Nf6 3. Nc3 Bf5 4. Nf3 Nc6 5. e3 e6 6. cxd5 Nxd5 7. Nxd5 Qxd5 8. Be2 Bb4+ 9. Bd2 Bxd2+ 10. Qxd2 0-0-0 11. Bb5 Qxb5 12. Ng5 Rhf8 13. a4 Qd3 14. Qxd3 Bxd3 15. Rd1 Nb4 16. Nf3 Bc2 17. Rd2 Bxa4 18. 0-0 Bb5 19. Ra1 a6 20. Ng5 h6 21. Nf3 Bc6 22. Ne5 f6 23. Ng6 Rfe8 24. g3 e5 25. Rad1 Be4 26. Nh4 Bc2 27. Rc1 g5 28. Nf3 e4 29. Ne1 Nd3 30. Rdxc2 Nxc1 31. Rxc1 c6 32. Nc2 Rd5 33. Nb4 Rb5 34. Nxc6 bxc6 35. Rxc6+ Kb7 36. Rxf6 a5 37. Rxh6 Rd5 38. Rh7+ Kc8 39. Ra7 Rb5 40. Ra6 Kb7 41. Rg6 Rxb2 42. Rxg5 a4 43. Ra5 Ra8 44. Rh5 a3 45. Rh7+ Kc6 46. Rh6+ Kd7 47. Rh7+ Kc6 48. Rh6+ Kb5 49. Rh5+ Kc4 50. Rc5+ Kd3 51. Kg2 a2 52. Rc1 Rb1 53. Rxb1 axb1Q 54. h4 Qd1 55. f4 Ra2+ 56. Kh3 Qh5 57. g4 Rh2+ 58. Kxh2 Qxh4+ 59. Kg2 Qxg4+ 0-1